アニソンからアニメをあてよう! - Statistics

General Stats
  • This quiz has been taken 194 times
  • The average score is 3 of 30
Answer Stats
Song Title Artist Answer % Correct
Butter-Fly 和田光司 デジモンアドベンチャー
70%
ライラック Mrs.GREEN APPLE 忘却バッテリー
66%
スパークル (movie ver.) RADWIMPS 君の名は。
64%
ハグしちゃお 夏川りみ ドラえもん
41%
fantastic dreamer Machico この素晴らしい世界に祝福を!
26%
せーのっ! 情報処理部 ゆゆ式
9%
えがおのまほう 大原ゆい子 はなかっぱ
5%
カノン 宮野真守 うたの☆プリンスさまっ♪ マジLOVE2000%
3%
EZ DO DANCE Prizmmy☆ プリティーリズム レインボーライブ
2%
bullet Cö shu Nie PSYCHO-PASS 3
2%
鏡の中のアクトレス 中原めいこ きまぐれオレンジ☆ロード
1%
空も飛べるはず さよならポニーテール つり球
1%
TSUZUKU いきものがかり 100日間生きたワニ
1%
オルタナティヴ angela アスラクライン2
1%
Here, the world sumimi BanG Dream! It's MyGO!!!!!
1%
笑顔を忘れない 麻生かほ里 ナースエンジェルりりかSOS
1%
ジェリーフィッシュの告白 中島愛 こばと。
0%
解読不能 After the Rain アトム ザ・ビギニング
0%
夢で世界を変えるなら ARCANA PROJECT 回復術士のやり直し
0%
かがやきサイリューム UNDER17 くじびきアンバランス
0%
I have a dream Kalafina イヴの時間 劇場版
0%
Sea loves you 篠塚満由美 七つの海のティコ
0%
Go ahead CRIPTON はりもぐハーリー
0%
キ・ミ・ダ・ケ DASEIN バロムワン
0%
에헤라디야 조민혜 少女チャングムの夢
0%
トロピカルサンセット 大木ハルミ 琉球タイムライン2 -てだこのまち探訪-
0%
与我共鳴-NENTEN- Mili Bloodivores
0%
νανουρισμα 三石琴乃 GEAR戦士 電童
0%
夢見たわたしのそばへ aya メルティランサー The Animation
0%
走れ自転車 小川美潮 老人Z
0%
No matching quizzes found
Score Distribution
Percent of People with Each Score
Percentile by Number Answered
Your Score History
You have not taken this quiz